| 000 | 00000nam##2200000za#4500 |
| 001 | 9.686990 |
| 003 | CaOODSP |
| 005 | 20210624230758 |
| 007 | cr ||||||||||| |
| 008 | 150407|2004||||xxc|||||o f|0| 0 eng|d |
| 020 | |a0-662-37014-7 |
| 040 | |aCaOODSP|beng |
| 043 | |an-cn--- |
| 086 | 1 |aCi51-169/2004E-PDF |
| 110 | 1 |aCanada. |bCitizenship and Immigration Canada. |
| 245 | 10|aDesignated medical practitioner handbook / |h[electronic resource]|c[by] Medical Services Branch. |
| 260 | |aOttawa - Ontario : |bCitizenship and Immigration Canada |c2003. |
| 300 | |a76p.|bglossary |
| 590 | |a12-01-Supp|b2012-01-13 |
| 775 | 08|tManuel du médecin désigné / |w(CaOODSP)9.631452 |
| 856 | 40|ahttp://publications.gc.ca|qPDF|s332 KB|uhttps://publications.gc.ca/collections/collection_2011/cic/Ci51-169-2004-eng.pdf |